Dastaan e Hayaat / (Record no. 525776)
[ view plain ]
| 000 -LEADER | |
|---|---|
| fixed length control field | 00529nam a22001817a 4500 |
| 003 - CONTROL NUMBER IDENTIFIER | |
| control field | NUST |
| 020 ## - INTERNATIONAL STANDARD BOOK NUMBER | |
| Qualifying information | PB/K |
| 038 ## - RECORD CONTENT LICENSOR | |
| Staff Name | Faiza |
| 082 ## - DEWEY DECIMAL CLASSIFICATION NUMBER | |
| Classification number | 891.439092 |
| Author Mark | LAL |
| 100 ## - MAIN ENTRY--PERSONAL NAME | |
| Personal name | Malik, Lal Khan |
| 9 (RLIN) | 16722 |
| 245 ## - TITLE STATEMENT | |
| Title | Dastaan e Hayaat / |
| Statement of responsibility, etc. | Lal Khan Malik |
| 260 ## - PUBLICATION, DISTRIBUTION, ETC. | |
| Place of publication, distribution, etc. | Gujrat : |
| Name of publisher, distributor, etc. | Almir Trust Library, |
| Date of publication, distribution, etc. | 2015. |
| 300 ## - PHYSICAL DESCRIPTION | |
| Extent | 289 p. ; |
| 880 ## - ALTERNATE GRAPHIC REPRESENTATION | |
| Linkage | 100-01\r |
| Title | لال خاں ملک |
| 880 ## - ALTERNATE GRAPHIC REPRESENTATION | |
| Linkage | 245-02\r |
| Title | داستانِ حیات / |
| 880 ## - ALTERNATE GRAPHIC REPRESENTATION | |
| Linkage | 260-03\r |
| Title | گجرات : |
| b | المیرٹرسٹ لائبریری, |
| c | ۲۰۱۵. |
| 942 ## - ADDED ENTRY ELEMENTS (KOHA) | |
| Source of classification or shelving scheme | |
| Koha item type | Book |
| Withdrawn status | Lost status | Source of classification or shelving scheme | Damaged status | Not for loan | Permanent Location | Current Location | Date acquired | Total Checkouts | Full call number | Barcode | Date last seen | Price effective from | Koha item type |
|---|---|---|---|---|---|---|---|---|---|---|---|---|---|
| Central Library (CL) | Central Library (CL) | 07/04/2019 | 891.439092 LAL | CL-E-736 | 07/04/2019 | 07/04/2019 | Book |
